Most Recognizable Animated Series of Each Year Quiz (with images) - Statistics

General Stats
  • This quiz has been taken 29 times
  • The average score is 29 of 46
Answer Stats
Picture Hint Answer % Correct
1994 Spider-Man: The Animated Series
96%
1999 SpongeBob SquarePants
96%
1992 Batman: The Animated Series
92%
1987 Teenage Mutant Ninja Turtles
92%
2008 The Garfield Show
92%
1989 The Simpsons
92%
1981 The Smurfs
92%
2000 Dora the Explorer
88%
1997 South Park
88%
1980 The Flintstone Comedy Show
88%
2002 What's New, Scooby-Doo?
88%
1985 Care Bears
85%
1988 The New Adventures of Winnie the Pooh
85%
2005 Avatar: The Last Airbender
81%
2004 Peppa Pig
81%
2007 Phineas and Ferb
77%
1991 Rugrats
77%
2010 Adventure Time
73%
1983 Inspector Gadget
73%
1986 My Little Pony
69%
2003 Teen Titans
69%
1984 Thomas & Friends
69%
2011 The Amazing World of Gumball
65%
2001 The Fairly OddParents
65%
1996 Arthur
62%
2018 Bluey
62%
2017 DuckTales (2017)
58%
2012 Gravity Falls
58%
2021 Invincible
58%
2006 Mickey Mouse Clubhouse
58%
1990 Pingu
58%
1995 Pinky and the Brain
54%
2022 The Cuphead Show!
54%
1993 Animaniacs
50%
2015 Miraculous: Tales of Ladybug & Cat Noir
46%
2013 Steven Universe
46%
2016 The Loud House
42%
2024 Hazbin Hotel
35%
2009 Masha and the Bear
35%
1998 Oggy and the Cockroaches
35%
2014 Sonic Boom
35%
1982 Pac-Man
31%
2020 The Owl House
31%
2019 Amphibia
27%
2023 The Amazing Digital Circus
27%
2025 The Gaslight District
12%
No matching quizzes found
Score Distribution
Percent of People with Each Score
Percentile by Number Answered
Your Score History
You have not taken this quiz